000 00851nam a2200205 a 4500
003 0
005 20250331151218.0
008 050809s19uu xx 00 eng d
050 _aPGS JZ 5538
_b.Ag283 2005
100 _aAguilar, Czarina Xhinette H.
245 _aPeace and the development of a culture of peace as perceived by the grade six students of St. Therese School /
_cCzarina Xhinette H. Aguilar.
260 _aLas Piñas City, Philippines :
_bSouthville International School and Colleges,
_c2005.
300 _a45 pages :
_billustrations ;
_c28 cm.
504 _aIncludes bibliographical references.
650 _aPeace
_vStudy and teaching
_vElementary level.
650 _aPeace education
_vStudent perception.
650 _aCulture of peace
_vChildren’s views.
650 _aConflict resolution
_vSchool programs.
942 _2lcc
_cPASS
999 _c97331
_d97331